000 00498nam a2200181Ia 4500
999 _c36798
_d36798
003 OSt
005 20201211095448.0
008 190216s9999||||xx |||||||||||||| ||und||
020 _a8182201446
040 _coclc
082 _a306.2
_bWEB/P
100 _aWeber, Max
_97358
245 0 _aPolitical Sociology /
_cMax Weber
260 _bGlobal Vision Publications,
_a Delhi:
_c2006.
300 _a263p
650 _aPolitics
942 _cREF
_2ddc
_h306.2
_iWEB/P
_k306.2
_mWEB/P